Prestavba predmetu "Účtovníctvo poisťovní" v súvislosti s prechodom komerčných poisťovní na zostavovanie účtovnej závierky podľa IAS/IFRS

Prechod na IAS/IFRS si vyžiadal nielen zmenu účtovných pravidiel, ale i spôsob merania výkonu spoločnosti a nové východiská účtovníctva v rámci účtovnej jednotky - poisťovne. Tieto skutočnosti si vyžadujú zmeny v učebnom pláne predmetu Účtovníctvo poisťovní, ako aj prípravu nových učebných textov pr...

Descrizione completa

Salvato in:
Dettagli Bibliografici
Autore principale: Meluchová, Jitka, 1965-
Natura: Capitolo di libro
Lingua:slovacco
Soggetti:
Tags: Aggiungi Tag
Nessun Tag, puoi essere il primo ad aggiungerne!!

MARC

LEADER 00000naa$a2200000$$$4500
001 0071151
005 20240502083205.8
041 0 |a slo 
044 |a CZ 
245 1 0 |a Prestavba predmetu "Účtovníctvo poisťovní" v súvislosti s prechodom komerčných poisťovní na zostavovanie účtovnej závierky podľa IAS/IFRS  |c Jitka Meluchová 
520 |a Prechod na IAS/IFRS si vyžiadal nielen zmenu účtovných pravidiel, ale i spôsob merania výkonu spoločnosti a nové východiská účtovníctva v rámci účtovnej jednotky - poisťovne. Tieto skutočnosti si vyžadujú zmeny v učebnom pláne predmetu Účtovníctvo poisťovní, ako aj prípravu nových učebných textov pre jeho výučbu. Účelom príspevku je načrtnúť ciele a zameranie predmetu v jeho nových podmienkach. 
610 2 0 |a vzdelávanie vysokoškolské 
610 2 0 |a školy vysoké 
610 2 0 |a predmety učebné 
610 2 0 |a účtovníctvo 
610 2 0 |a poisťovne 
610 2 0 |a štandardy účtovné medzinárodné 
610 2 0 |a IFRS 
100 1 |a Meluchová, Jitka, 1965-